Ekstraklasa 2021/22 - Statystyki

Ogólne statystyki
  • Ten quiz został rozwiązany 70 razy
  • Średni wynik to 15 z 21
Statystyki odpowiedzi
Pozycja Klub % Poprawnych
10. Legia Warszawa
97%
1. Lech Poznań
95%
2. Raków Częstochowa
88%
17. Wisła Kraków
88%
4. Lechia Gdańsk
84%
3. Pogoń Szczecin
81%
12. Jagiellonia Białystok
80%
9. Cracovia
75%
15. Śląsk Wrocław
73%
8. Górnik Zabrze
72%
11. Warta Poznań
69%
1 liga 2. Widzew Łódź
69%
5. Piast Gliwice
64%
1 liga baraże Korona Kielce
63%
6. Wisła Płock
63%
7. Radomiak Radom
61%
14. Stal Mielec
61%
18. Górnik Łęczna
58%
13. Zagłębie Lubin
58%
1 liga 1. Miedź Legnica
53%
16. Brut-Bet Termalica Nieciecza
0%
Nie znaleziono quizów pasujących do podanych kryteriów
Rozkład punktacji
Procent ludzi z każdym wynikiem
Percentyl według liczby udzielonych odpowiedzi
Twoja historia wyników
Nie rozwiązałeś tego quizu